Artists With the Most Grammys - Statistics

General Stats
  • This quiz has been taken 29 times
  • The average score is 2 of 10
Answer Stats
Hint Answer % Correct
32 Grammys Beyoncé
89%
25 Grammys Jay-Z
52%
28 Grammys Quincy Jones
30%
25 Grammys Stevie Wonder
19%
26 Grammys John Williams
11%
27 Grammys Alison Krauss
7%
27 Grammys Chick Corea
4%
31 Grammys Georg Solti
4%
26 Grammys Pierre Boulez
0%
25 Grammys Vladimir Horowitz
0%
No matching quizzes found
Score Distribution
Percent of People with Each Score
Percentile by Number Answered
Your Score History
You have not taken this quiz